| 000 | 00652cam a2200229 4500 | ||
|---|---|---|---|
| 001 | ABS62089 | ||
| 008 | 000000n2000 000 0 eng u | ||
| 035 | _a(Sirsi) u104788 | ||
| 100 | _aWhite, D. | ||
| 245 | _aCity slackers | ||
| 260 | _c2000 | ||
| 490 |
_aBuilding _v256(8127) 10 March 2000, 22-25(4) |
||
| 520 | _aQuestions whether City fund managers will be convinced by the construction minister that construction is a good investment. | ||
| 590 | _aABS | ||
| 650 | _aCONSTRUCTION MARKET | ||
| 650 | _aCITY | ||
| 650 | _aSHARE PRICES | ||
| 650 | _aFTSE INDEX | ||
| 650 | _aCONSTRUCTION SECTOR | ||
| 690 | _aINVESTMENT | ||
| 942 | _n0 | ||
| 999 |
_c62871 _d62871 |
||